000 01470nam2a22002291 4500
001 rc\4834812
005 20250612184245.0
035 _a(NLR Aleph) 008786721
090 _a8015669
_c8015669
100 _a20130426d1961 |||y0rusy50 ca
101 0 _arus
102 _aRU
105 _ay z |||||
200 0 _a[Вып. 1]
_e... за 1956 - ноябрь 1960 гг.
210 _d1961
_aБ. м.
215 _a40 с.
461 0 _1001rc\4834811
_12001#$aТехника безопасности на предприятиях текстильной и легкой промышленности$eСписок отечеств. и иностр. литературы...$fГос. науч.-техн. ком. Совета Министров СССР. Гос. публ. науч.-техн. б-ка СССР. Центр. науч.-техн. б-ка легкой пром-сти$v[Вып. 1]
_98015665
_cМосква
_d1961
_fГос. науч.-техн. ком. Совета Министров СССР. Гос. публ. науч.-техн. б-ка СССР. Центр. науч.-техн. б-ка легкой пром-сти
_nБ. и.
_oСписок отечеств. и иностр. литературы...
_tТехника безопасности на предприятиях текстильной и легкой промышленности
_v[Вып. 1]
801 0 _aRU
_bNLR
_gpsbo
801 1 _aRU
_bELAR
_2rusmarc
852 _aNLR
_jС757-410/Т-38
942 _cBOOK
980 _aNB